Dialekt, Sprachmischung und Spracheinstellungen Am Beispiel deutscher Dialekte in Ungarn

Elmentve itt :
Bibliográfiai részletek
Szerző: Németh Attila
További közreműködők: Földes Csaba (Témavezető)
Dokumentumtípus: Disszertáció
Megjelent: 2009-05-20
Tárgyszavak:
mtmt:2387800
Online Access:http://doktori.ek.szte.hu/820
LEADER 01150nta a2200229 i 4500
001 dokt820
005 20190719093245.0
008 110607s2009 hu om 0|| ger d
024 7 |a 2387800  |2 mtmt 
040 |a SZTE Doktori Repozitórium  |b hun 
041 |a ger 
100 1 |a Németh Attila 
245 1 0 |a Dialekt, Sprachmischung und Spracheinstellungen Am Beispiel deutscher Dialekte in Ungarn  |h [elektronikus dokumentum] /  |c  Németh Attila 
246 1 0 |a Nyelvjárás, kódváltás és nyelvi attitűdök a magyarországi német nyelvjárások példáján  |h [elektronikus dokumentum] 
260 |c 2009-05-20 
502 |a Disszertacio 
650 4 |a nyelvtudományok 
700 1 |a Földes Csaba  |e ths 
856 4 0 |u https://doktori.bibl.u-szeged.hu/id/eprint/820/5/N%C3%A9meth_Attila_Diss.pdf  |z Dokumentum-elérés  
856 4 0 |u https://doktori.bibl.u-szeged.hu/id/eprint/820/3/Nemeth_Attila_tezis_HU.pdf  |z Dokumentum-elérés  
856 4 0 |u https://doktori.bibl.u-szeged.hu/id/eprint/820/4/Nemeth_Attila_tezis_DE.pdf  |z Dokumentum-elérés  
856 4 0 |u https://doktori.bibl.u-szeged.hu/id/eprint/820/2/N%C3%A9meth_Attila%2C_dissz%2C_t%C3%A9zisek  |z Dokumentum-elérés